000 00587nam a22002177a 4500
003 UA-OsUOA
001 42488
007 ta
008 20061108b un ||||| |||| 00| 0 ukr d
100 _aЖулинський М.
090 _a82
_bЖ-11
942 _cSA
040 _aUA-OsUOA
_bukr
_cUA-OsUOA
_dUA-OsUOA
245 _aОсінній Драч з вогненим жалом весняної кропиви
300 _aС.32-38
955 _a0
041 _aukr
080 _a82
773 0 _w42484
650 7 _a82 Література. Літературознавство
_2UDC
999 _c328623
_d328623